01235nam a2200289 a 4500008004100000020003300041040002500074041001300099044001100112080002300123080000800146100002900154245023200183250001300415260005000428300003400478500019400512700002900706700002700735700002500762700002300787700002200810700003100832700003000863700002500893700002700918951122s1986||||[C 0 slo c c110 Kčs. q(30000 výtl.) aSNKbslocSNKeAACR21 aslohslo axocSK a719(437.6)(084.12) a7791 aFrický, Alexander4aut10aMestské pamiatkové rezervácie na SlovenskucAlexander Frický ; Alexander Frický, Ladislav Deneš, Dionýz Dugas, milan Fabian, Miro Gregor, Alexander Jiroušek, Ladislav Jiroušek, Jozef Krátky, Štefan Pavelka a1., vyd. aMartinbOsvetac1986eMartinfTlačiarne SNP a232 s., 51,79 AHbFot.c29 cm aLit. 48. Rozlož. faksim. rytín na tit. liste, front. a predsádkach. Vysvetl. odb. výrazov. Res. a zozn. ilustr. rus., nem., angl. a maď. 48 zázn. v slov., češ., nem., maď.1 aFrický, Alexander4com1 aDeneš, Ladislav4bkd1 aDugas, Dionýz4bkd1 aFabian, milan4bkd1 aGregor, Miro4bkd1 aJiroušek, Alexander4bkd1 aJiroušek, Ladislav4bkd1 aKrátky, Jozef4bkd1 aPavelka, Štefan4bkd